Industrial electricity / (Record no. 66248)
[ view plain ]
| 000 -LEADER | |
|---|---|
| fixed length control field | 00737nam a2200253 a 4500 |
| 001 - CONTROL NUMBER | |
| control field | 66248 |
| 003 - CONTROL NUMBER IDENTIFIER | |
| rucl marc code | BD-RjUL |
| 005 - DATE AND TIME OF LATEST TRANSACTION | |
| control field | 20211209081521.0 |
| 008 - FIXED-LENGTH DATA ELEMENTS--GENERAL INFORMATION | |
| fixed length control field | 170315s1939 nyua 001 0 eng u |
| 035 ## - SYSTEM CONTROL NUMBER | |
| System control number | (BD-RjUL)66378 |
| 040 ## - CATALOGING SOURCE | |
| Transcribing agency | INT |
| Modifying agency | DAY |
| -- | EQO |
| Original cataloging agency | BD-RjUL |
| Language of cataloging | eng |
| 041 ## - LANGUAGE CODE | |
| Language code of text/sound track or separate title | eng |
| 082 ## - DEWEY DECIMAL CLASSIFICATION NUMBER | |
| Classification number | 621.3 |
| Edition number | 23 |
| Author mark and year | TII 1967 |
| 100 1# - MAIN ENTRY--PERSONAL NAME | |
| Personal name | Dawes, Chester L. |
| Fuller form of name | (Chester Laurens), |
| Dates associated with a name | 1886- |
| 9 (RLIN) | 196062 |
| 245 10 - TITLE STATEMENT | |
| Title | Industrial electricity / |
| Statement of responsibility, etc. | by Chester L. Dawes. |
| 250 ## - EDITION STATEMENT | |
| Edition statement | 2d ed. |
| 260 ## - PUBLICATION, DISTRIBUTION, ETC. (IMPRINT) | |
| Place of publication, distribution, etc. | New York ; |
| -- | London : |
| Name of publisher, distributor, etc. | McGraw-Hill, |
| Date of publication, distribution, etc. | 1967 |
| 300 ## - PHYSICAL DESCRIPTION | |
| Pagination | v. |
| Illustrations | ill, ; |
| Size | 21 cm. |
| 490 0# - SERIES STATEMENT | |
| Series statement | Electrical engineering texts |
| 500 ## - GENERAL NOTE | |
| General note | Include index |
| 650 #0 - SUBJECT ADDED ENTRY--TOPICAL TERM | |
| Topical term or geographic name as entry element | Electricity. |
| 9 (RLIN) | 196063 |
| Topical term or geographic name as entry element | Electrical engineering. |
| 9 (RLIN) | 196064 |
| 942 ## - ADDED ENTRY ELEMENTS (KOHA) | |
| Source of classification or shelving scheme | Dewey Decimal Classification |
| Koha item type | Books |
| Lost status | Source of classification or shelving scheme | Damaged status | Not for loan | Collection code | Permanent Location | Current Location | Shelving location | Date acquired | Source of acquisition | Cost, normal purchase price | Total Checkouts | Full call number | Date last seen | Copy number | Koha item type |
|---|---|---|---|---|---|---|---|---|---|---|---|---|---|---|---|
| Dewey Decimal Classification | Not For Loan | Non-fiction | Central Library, University of Rajshahi | Central Library, University of Rajshahi | Reading Room | 12/10/1970 | Swets and Zeitlinger | 48.00 | 621.3 TII 1967 | 15/03/2017 | C-1 | Books |